|
|
|
|
| LEADER |
00000nam0a2200000 4500 |
| 001 |
108508 |
| 005 |
20231101214814.0 |
| 035 |
|
|
|a (RuTPU)RU\TPU\book\117140
|
| 090 |
|
|
|a 108508
|
| 100 |
|
|
|a 20070122d1982 km y0rusy5003 ca
|
| 101 |
0 |
|
|a rus
|
| 102 |
|
|
|a RU
|
| 105 |
|
|
|a a z 001zy
|
| 200 |
1 |
|
|a Ионизационные эффекты и переходное излучение релятивистских заряженных частиц
|e сборник статей
|f Академия наук СССР, Физический институт им. П. Н. Лебедева ; гл. ред. Н. Г. Басов
|
| 210 |
|
|
|a Москва
|c Наука
|d 1982
|
| 215 |
|
|
|a 203 с.
|c ил.
|
| 225 |
1 |
|
|a Труды физического института им. П. Н. Лебедева (ФИАН)
|v Т. 140
|
| 610 |
1 |
|
|a переходное излучение
|
| 610 |
1 |
|
|a элементарные частицы
|
| 610 |
1 |
|
|a высокие энергии
|
| 610 |
1 |
|
|a релятивистские частицы
|
| 610 |
1 |
|
|a ионизация
|
| 610 |
1 |
|
|a научные труды
|
| 675 |
|
|
|a 539.1.074
|z rus
|v 3
|
| 702 |
|
1 |
|a Басов
|b Н. Г.
|4 651
|
| 712 |
0 |
2 |
|a Академия наук СССР
|b Физический институт им. П. Н. Лебедева
|c (Москва)
|2 stltpush
|3 (RuTPU)RU\TPU\col\13766
|9 25779
|
| 801 |
|
0 |
|a RU
|b RuMRKP
|c 19950704
|g psbo
|
| 801 |
|
1 |
|a RU
|b 63413507
|c 20070122
|g PSBO
|
| 801 |
|
2 |
|a RU
|b 63413507
|c 20210722
|g PSBO
|
| 942 |
|
|
|c BK
|